Missing Word: What is Z Name? Quiz Stats

 Plays Quiz Updated Jun 24, 2013

Challenge
Share
Tweet
Embed
Score 0/20 Timer 02:00
1 Play Today
Z...Name Z...Answer % Correct
_____ GalifianakisZach
88.3%
____ DeschanelZooey
87.4%
Frank _____Zappa
82.7%
Catherine _____Zeta-Jones
82.5%
Mark _____Zuckerberg
80.1%
_____ Gabor Zsa Zsa
77.2%
_____ Taylor Zachary
72.8%
_____ Marley Ziggy
65.6%
Renee _____Zellweger
58.2%
Billy _____Zane
57.3%
Z...Name Z...Answer % Correct
Rob _____Zombie
39.4%
'Aunt' _____ SpellmanZelda
33.6%
____ Phillips Zara
26.2%
Dr. John A. _____ Zoidberg
21.6%
Dr. Yuri _____Zhivago
21.2%
Ryan _____Zimmerman
19.1%
_____ David Ziva
17.1%
_____ BeeblebroxZaphod
14.4%
Fareed _____ Zakaria
13%
_____ ZiyiZhang
8.5%

Today's Daily Dose

Missing Word
Britpop Albums

Word Ladder
Sing It!

On This Day
December 14th II

You're not logged in!

Compare scores with friends on all Sporcle quizzes.
OR
Log In

You Might Also Like...

Show Comments

Extras

Top Quizzes Today


Score Distribution

Your Account Isn't Verified!

In order to create a playlist on Sporcle, you need to verify the email address you used during registration. Go to your Sporcle Settings to finish the process.

Report this User

Report this user for behavior that violates our Community Guidelines.

Details: